000 01055cam a2200241 4500
008 011116n2002 000 0 eng u
020 _a1841131652
035 _a(Sirsi) u115615
041 _aeng.
050 _a346.04
100 _aRotherham, C.
245 _aProprietary remedies in context
260 _aOxford
_bHart Publishing
_c2002
300 _axxix, 354p.
_c2002
350 _a40.00
520 _aThere is little coherence in the law of proprietary remedies as a whole. This book examines redistributive processes such as tracing, subrogation and proprietary estoppel and the use of the constructive trust in the context of contracts to assign property, vitiated transactions, the profits of wrongdoing and the breakdown of intimate relationships. In doing so, it contrasts the English treatment of this area of law with developments in other common law jurisdictions.
650 _aENGLAND
650 _aPROPERTY RIGHTS
650 _aPROPRIETARY ESTOPPEL
650 _aPROPRIETARY REMEDIES
690 _aPROPERTY
942 _n0
999 _c101772
_d101772